[Event "Albena op"]
[Site "Albena"]
[Date "2009.06.23"]
[Round "4"]
[White "Dimitrov, Radoslav"]
[Black "Dobrev, Nayden"]
[Result "1/2-1/2"]
[WhiteElo "2388"]
[BlackElo "2137"]
[PlyCount "136"]
[EventDate "2009.06.20"]
[EventType "swiss"]
[EventRounds "9"]
[EventCountry "BUL"]
[SourceTitle "CBM 130 Extra"]
[Source "ChessBase"]
[SourceDate "2009.07.02"]
[SourceVersion "2"]
[SourceVersionDate "2009.07.15"]
[SourceQuality "1"]

1. c4 b6 2. Nc3 e6 3. d4 Bb7 4. a3 f5 5. Nf3 Nf6 6. d5 exd5 7. cxd5 Be7 8. g3 0-0 9. Bg2 Ne4 10. 0-0 Nxc3 11. bxc3 Na6 12. Nd4 Nc5 13. Qc2 g6 14. Bh6 Re8 15. Rad1 d6 16. h4 Bf6 17. Bf4 Qe7 18. h5 Bg5 19. Qc1 Bxf4 20. Qxf4 Qe5 21. hxg6 hxg6 22. Qg5 Kg7 23. f4 Qf6 24. g4 Qxg5 25. fxg5 fxg4 26. Rf6 Re5 27. Rdf1 Rxg5 28. Rf7+ Kh6 29. e4 Re5 30. Rxc7 Ba6 31. Rff7 Rae8 32. Nc6 Rxe4 33. Bxe4 Rxe4 34. Rce7 Rc4 35. Re3 Ra4 36. Rf6 Rxa3 37. Rxd6 Kg5 38. Rde6 Bc4 39. R6e5+ Kf4 40. d6 Ra1+ 41. Re1 Rxe1+ 42. Rxe1 a5 43. Re5 Be6 44. Re1 a4 45. Ne7 a3 46. Nxg6+ Kg5 47. Nf8 Bf5 48. Ra1 Kf6 49. Rxa3 Ke5 50. d7 Nxd7 51. Nxd7+ Bxd7 52. Rb3 b5 53. Rb4 Kd5 54. Kf2 Kc5 55. Ke3 Be6 56. Re4 Bd7 57. Rd4 Be6 58. Kf4 Bc4 59. Re4 Bd3 60. Re7 Kc4 61. Rc7+ Kb3 62. Ke3 Bc4 63. Kd4 Be2 64. Rg7 Kc2 65. Ke3 Bc4 66. Rxg4 Kxc3 67. Rg1 Bb3 68. Rg5 Bc4 1/2-1/2

[Event "Albena op"]
[Site "Albena"]
[Date "2009.06.21"]
[Round "2"]
[White "Ivanov, Jordan"]
[Black "Dobrev, Nayden"]
[Result "1-0"]
[WhiteElo "2435"]
[BlackElo "2137"]
[PlyCount "71"]
[EventDate "2009.06.20"]
[EventType "swiss"]
[EventRounds "9"]
[EventCountry "BUL"]
[SourceTitle "CBM 130 Extra"]
[Source "ChessBase"]
[SourceDate "2009.07.02"]
[SourceVersion "2"]
[SourceVersionDate "2009.07.15"]
[SourceQuality "1"]

1. d4 Nf6 2. c4 g6 3. Nc3 d6 4. e4 Bg7 5. Nf3 0-0 6. Be2 e5 7. d5 Na6 8. Bg5 h6 9. Bh4 Qe8 10. Nd2 Nd7 11. a3 Bf6 12. Bxf6 Nxf6 13. h4 Qe7 14. b4 c5 15. Rb1 Bd7 16. Nf1 Kg7 17. Qd3 Rfc8 18. Ne3 cxb4 19. axb4 Qd8 20. 0-0 Qb6 21. c5 dxc5 22. Nc4 Qd8 23. b5 Nb4 24. Qg3 Nc2 25. f4 Nd4 26. Bd1 Nxe4 27. Nxe4 Bf5 28. Ncd6 Bxe4 29. Nxe4 Qxd5 30. Nc3 exf4 31. Qxf4 Qe6 32. Rb2 Re8 33. Rbf2 f5 34. Qc7+ Qe7 35. Nd5 Qf7 36. Qxc5 1-0

[Event "BUL-chT2"]
[Site "Sunny Beach"]
[Date "2009.06.11"]
[Round "4.3"]
[White "Rusev, Jeliazko"]
[Black "Dobrev, Nayden"]
[Result "1/2-1/2"]
[WhiteElo "2267"]
[BlackElo "2137"]
[PlyCount "137"]
[EventDate "2009.06.08"]
[EventType "team-swiss"]
[EventRounds "7"]
[EventCountry "BUL"]
[SourceTitle "CBM 130 Extra"]
[Source "ChessBase"]
[SourceDate "2009.07.02"]
[SourceVersion "2"]
[SourceVersionDate "2009.07.15"]
[SourceQuality "1"]

1. d4 Nf6 2. Nf3 g6 3. Bg5 Bg7 4. Nbd2 0-0 5. e4 d6 6. Bc4 Nc6 7. 0-0 e5 8. c3 h6 9. Bh4 Qe8 10. Re1 Nh5 11. dxe5 dxe5 12. b4 Nf4 13. Qb3 Nd8 14. a4 Nde6 15. Nf1 Kh7 16. Ne3 f6 17. Bg3 c6 18. Rad1 Qe7 19. Rd2 Bd7 20. Bh4 Ng5 21. Nxg5+ hxg5 22. Bg3 Rad8 23. Red1 Bc8 24. f3 Rxd2 25. Rxd2 Rd8 26. Qd1 Rxd2 27. Qxd2 Qd7 28. Be1 Qxd2 29. Bxd2 Bf8 30. Ng4 Kg7 31. Be3 a6 32. g3 Ne6 33. Bb6 Bd6 34. Kg2 Kf7 35. Ne3 Ke7 36. Bf1 Bc7 37. Nc4 Bxb6 38. Nxb6 Bd7 39. Bc4 Nd8 40. h4 gxh4 41. gxh4 Be6 42. Kg3 Kd6 43. f4 exf4+ 44. Kxf4 Nf7 45. Be2 g5+ 46. hxg5 fxg5+ 47. Ke3 Ke5 48. Nc4+ Bxc4 49. Bxc4 Nd6 50. Bd3 b5 51. a5 g4 52. Be2 Nxe4 53. c4 Nc3 54. cxb5 cxb5 55. Bxg4 Nd5+ 56. Kd2 Nxb4 57. Kc3 Nc6 58. Bc8 Kd5 59. Bxa6 b4+ 60. Kb3 Kc5 61. Ka4 Kd4 62. Bb5 Nxa5 63. Kxa5 b3 64. Be8 Kc3 65. Ka4 b2 66. Bg6 Kd2 67. Kb3 Kc1 68. Ka2 b1Q+ 69. Bxb1 1/2-1/2

[Event "BUL-ch U20"]
[Site "Sofia"]
[Date "2009.03.13"]
[Round "6"]
[White "Dobrev, Nayden"]
[Black "Kirov, Dimitar"]
[Result "1/2-1/2"]
[WhiteElo "2142"]
[BlackElo "2116"]
[PlyCount "93"]
[EventDate "2009.03.09"]
[EventType "swiss"]
[EventRounds "9"]
[EventCountry "BUL"]
[SourceTitle "CBM 129 Extra"]
[Source "ChessBase"]
[SourceDate "2009.05.05"]
[SourceVersion "2"]
[SourceVersionDate "2009.05.20"]
[SourceQuality "1"]

1. d4 d5 2. c4 c6 3. Nc3 Nf6 4. Nf3 dxc4 5. e4 b5 6. e5 Nd5 7. a4 e6 8. axb5 Nxc3 9. bxc3 cxb5 10. Ng5 Bb7 11. Qh5 g6 12. Qg4 Be7 13. Be2 Nd7 14. Bf3 Qc7 15. Bxb7 Qxb7 16. Ne4 a6 17. Bg5 Nb6 18. Bf6 Rf8 19. 0-0 Nd5 20. Rfb1 Qc6 21. Bxe7 Nxe7 22. Nf6+ Kd8 23. Nxh7 Kc7 24. Nxf8 Rxf8 25. Ra5 Nd5 26. Rba1 Kb7 27. Qf3 Nc7 28. Qxc6+ Kxc6 29. Rxa6+ Nxa6 30. Rxa6+ Kb7 31. Ra1 Kb6 32. f3 b4 33. cxb4 Kb5 34. Kf2 c3 35. Ke3 Rc8 36. Kd3 Kxb4 37. Rb1+ Ka3 38. Rc1 Kb3 39. Rc2 Kb4 40. h4 Rc7 41. g4 Rc8 42. Rc1 Rc7 43. h5 gxh5 44. gxh5 Rc8 45. h6 Rh8 46. Rh1 Kb3 47. Rh2 1/2-1/2

[Event "BUL-ch U20"]
[Site "Sofia"]
[Date "2009.03.11"]
[Round "4"]
[White "Dobrev, Nayden"]
[Black "Ivanov, Aleksandar"]
[Result "1-0"]
[WhiteElo "2142"]
[BlackElo "1833"]
[PlyCount "97"]
[EventDate "2009.03.09"]
[EventType "swiss"]
[EventRounds "9"]
[EventCountry "BUL"]
[SourceTitle "CBM 129 Extra"]
[Source "ChessBase"]
[SourceDate "2009.05.05"]
[SourceVersion "2"]
[SourceVersionDate "2009.05.20"]
[SourceQuality "1"]

1. d4 d5 2. c4 c6 3. Nc3 Nf6 4. Nf3 e6 5. cxd5 exd5 6. Bg5 Bf5 7. Qb3 Qb6 8. Bxf6 Qxb3 9. axb3 gxf6 10. e3 Rg8 11. Kd2 Nd7 12. Nh4 Be6 13. Bd3 a6 14. g3 h6 15. f4 Nb6 16. Nf5 Nc8 17. Nh4 Nd6 18. f5 Bd7 19. Rac1 Nb5 20. Ke2 Bd6 21. Ng2 Ke7 22. Rhf1 Rae8 23. Kf3 Nxc3 24. bxc3 Rg5 25. Nh4 c5 26. Rfe1 Bc6 27. Kf2 Kd7 28. Be2 Reg8 29. Rg1 Re8 30. Bf3 cxd4 31. exd4 Rgg8 32. Rge1 Rxe1 33. Rxe1 Re8 34. Rxe8 Kxe8 35. Ng2 Ba3 36. Ke2 Ke7 37. Ne3 Kd6 38. Kd2 a5 39. Ng4 Ke7 40. Nxh6 b5 41. Ng8+ Kd6 42. Nxf6 b4 43. Ng4 bxc3+ 44. Kxc3 Bb4+ 45. Kc2 Be1 46. Ne5 Bf2 47. Nxf7+ Ke7 48. Ne5 Bb7 49. f6+ 1-0